书目信息 |
| 题名: |
二刻拍案惊奇
|
|
| 作者: | ] 著 | |
| 分册: | ||
| 出版信息: | 天津 百花文艺出版社 1994.03 |
|
| 页数: | 770页 | |
| 开本: | 32开 | |
| 丛书名: | ||
| 单 册: | ||
| 中图分类: | I242.2 | |
| 科图分类: | ||
| 主题词: | 小说--中国 | |
| 电子资源: | ||
| ISBN: | 7-5306-1308-1 | |
| 000 | 00523nam0 2200193 45 | |
| 001 | 9909291059 | |
| 005 | 20080401100046.26 | |
| 010 | @a7-5306-1308-1@d27.00元 | |
| 100 | @a19990929d1994 km y0chiy0120 ea | |
| 101 | @achi | |
| 200 | 1 | @a二刻拍案惊奇@AEr Ke Pai An Jing Qi@f凌蒙初著@Fling meng chu zhu |
| 210 | @a天津@c百花文艺出版社@d1994.03 | |
| 215 | @a770页@d32开 | |
| 606 | 0 | @a小说@x中国 |
| 690 | @aI242.2@v3 | |
| 690 | @v3 | |
| 701 | @a]@b明凌蒙初@4著 | |
| 801 | @aCN@c20080401 | |
| 905 | @dI242.2@eL564/4@b212964-967@f4 | |
| 二刻拍案惊奇/凌蒙初著.-天津:百花文艺出版社,1994.03 |
| 770页;32开 |
| ISBN 7-5306-1308-1:27.00元 |
| ● |
| 相关链接 |
|
|
|
正题名:二刻拍案惊奇
索取号:I242.2/L564/4
 
预约/预借
| 序号 | 登录号 | 条形码 | 馆藏地/架位号 | 状态 | 备注 |
| 1 | 212964 | 202129641 | 社科二线422/422社科库 18排1列4层/ [索取号:I242.2/L564/4] | 在馆 | |
| 2 | 212965 | 202129650 | 社科二线422/422社科库 17排1列3层/ [索取号:I242.2/L564/4] | 在馆 | |
| 3 | 212966 | 202129669 | 文学库108/108文学库 21排4列5层/ [索取号:I242.2/L564/4] | 在馆 | |
| 4 | 212967 | 202129678 | 文学库108/108文学库 21排4列5层/ [索取号:I242.2/L564/4] | 在馆 | |
| 5 | 451064 | 204510644 | 社科二线422/422社科库 18排1列4层/ [索取号:I242.2/L564/4] | 在馆 |